000 00203nam a22000977a 4500
999 _c66355
_d66352
100 _aTewitt
245 _aHydraulic of Fluid Mechanics
650 _aFluid Mechanics
650 _aHydraulics
942 _cBK